Responses for show #2853 - Wednesday, January 15, 1997

Paul Gutowski game 4.

Contestants

Julie Johnson, an assistant director from Emporia, Kansas

Doug Fitch, a college student from Casselberry, Florida

Paul Gutowski, a substance abuse counselor from Rockford, Illinois (whose 3-day cash winnings total $32,301)

Jeopardy! Round responses

ARCHAEOLOGY
WINES & SPIRITS
BIRDS
U.S. MOUNTAINS
SILLY SONGS
"FUN" WORDS
    $100 9
Globe Theater

Doug
    $100 11
(D: What is wheat?)

Rice

DougJulie
    $100 22
Nests

Paul
    $100 2
West Virginia

Paul
    $100 7
"Zip-a-dee-doo-dah"

Doug
    $100 1
Funhouse

Julie
    $200 10
Jade

Julie
    $200 12
Sherry

Paul
    $200 23
Parakeet

Triple Stumper
    $200 3
Rockies

Doug
    $200 13
(D: What is "Nee Nee....")
(A: You should have solved it by just saying what is the other one - it would have been easier!)

"Goo Goo"

PaulDoug
    $200 8
Funk

Triple Stumper
    $300 15
Apples

Julie
    $500 4
Alaska

Doug
    $300 14
Roller skate

Julie
    $300 19
Fundamentalism

Julie
    $400 26
"Lucy"

Triple Stumper
    $400 16
Long Island Iced Tea

Paul
    $400 5
Mauna Loa

Paul
    $400 17
"Doo wop, Doo wop"

Julie
    $400 20
Functionary

Triple Stumper
    $500 24
Herod The Great

Paul
    $500 27
(Doug: What is Crown Royal?)
[The end-of-round signal sounds.]
(Alex: Crown Royal is a Canadian rye whiskey.)

Chivas Regal

Doug
Triple Stumper
    $500 25
California Condor

Paul
    $500 6
Delaware River

Paul
    $500 18
"Chick-a-Boom, Chick-a-Boom"

Triple Stumper
    $500 21
(and we have about a minute to go in the round...)

Funicular

Julie

Scores at the first commercial break (after clue 14):

Paul Doug Julie
$1,400 $600 $700

Scores at the end of the Jeopardy! Round:

Paul Doug Julie
$2,900 $100 $2,200

Double Jeopardy! Round responses

ONE-MAN SHOWS
THE AMERICAN REVOLUTION
MAGAZINES
WORLD CAPITALS
SAINTS
FICTIONAL CHARACTERS
    $200 21
Ernest Hemingway

Julie
    $200 1
John Hancock

Julie
    $200 24
Rolling Stone

Doug
    $200 2
Amsterdam

Julie
    $200 16
St. Patrick

Paul
    $200 4
Alice

Paul
    $400 22
(P: Who is Barrymore?)
(Alex: Which one?)
(P: John.)

John Barrymore

Paul
    $400 8
Articles of Confederation

Paul
    $400 25
(we have a minute to go, Doug...)

Vogue

Triple Stumper
    $600 3
[Canadian gold coin]
(Julie: What is Canada?)
(Alex: You picked the country because you could see it on the coin. That's the Canadian gold coin and it was minted in [*], the capital.)
(Julie: You're right, I forgot the category.)

Ottawa

Julie
    $400 17
Francis

Doug
    $400 6
Edgar Allan Poe

Julie
    $600 23
Andrea Martin

Triple Stumper
    $600 9
Bunker Hill

Paul
    $600 29
(Julie: What is Jack and Jill?)
[The end-of-round signal sounds.]

Highlights

Julie
Triple Stumper
    $600 5
Bogota, Colombia

Julie
    $600 18
Matthew

Doug
    $600 7
Lestat

Paul
    $800 10
Treaty of Paris

Paul
    $800 28
Bon Appetit

Triple Stumper
    $800 12
Riyadh

Julie
    $800 19
Anne

Paul
    $800 13
Charles Dickens

Julie
    $1000 26
Jackie Mason

Doug
    $1000 11
Brandywine

Doug
    $2,000 27
Atlantic

Doug
    $1000 15
Kathmandu, Nepal

Paul
    $1000 20
Teresa

Julie
    $1000 14
Wakefield

Doug

Scores at the end of the Double Jeopardy! Round:

Paul Doug Julie
$7,900 $6,300 $5,200

[wagering suggestions for these scores]

Final Jeopardy! Round responses

FAMOUS NAMES
JulieWho is Estee Lauder?
$2,700
DougWho was Valentino?
$6,300
PaulWho is Zukor?
$4,701
Max Factor

Final scores:

Paul Doug Julie
$3,199 $0 $2,500
4-day champion: $35,500 3rd place: Samsung 19-inch TV-VCR combo 2nd place: Wallace Silversmiths 5-piece tea service

Game dynamics:

Coryat scores:

Paul Doug Julie
$7,900 $5,100 $5,800
18 R,
0 W
11 R
(including 2 DDs),
3 W
16 R,
2 W
(including 1 DD)

Combined Coryat: $18,800

The J! Archive is created by fans, for fans. The Jeopardy! game show and all elements thereof, including but not limited to copyright and trademark thereto, are the property of Jeopardy Productions, Inc. and are protected under law. This website is not affiliated with, sponsored by, or operated by Jeopardy Productions, Inc. Join the discussion at JBoard.tv.